Technická analýza akcií

Enregistré dans:
Détails bibliographiques
Auteur principal: Víšková, Hana
Format: Livre
Langue:tchèque
Publié: Praha HZ Systém 1997
Édition:1. vyd.
Sujets:
Tags: Ajouter un tag
Pas de tags, Soyez le premier à ajouter un tag!

MARC

LEADER 00000nam a2200000 4500
001 c019648
005 20230223123655.7
020 |a 80-86009-13-0 
041 0 |a cze 
044 |a CZ 
245 1 0 |a Technická analýza akcií  |c Hana Víšková 
250 |a 1. vyd. 
264 1 |a Praha  |b HZ Systém  |c 1997 
300 |a 119 s. 
610 2 0 |a akcie 
610 2 0 |a oceňovanie 
610 2 0 |a trh kapitálový 
610 2 0 |a analýzy 
100 1 |a Víšková, Hana